000 00552cam a2200145 4500500
005 20260412000933.0
041 _afre
042 _adc
100 1 0 _aGleize, Joëlle
_eauthor
245 0 0 _aStyle.HERSCHBERG-PIERROT (Anne) (dir.), Balzac et le style, Paris, SEDES, « Collection du Bicentenaire », 1998, 192 p.
260 _c2001.
500 _a86
786 0 _nL'Année balzacienne | 2 | 1 | 2001-03-01 | p. 347o-393o | 0084-6473
856 4 1 _uhttps://shs.cairn.info/revue-l-annee-balzacienne-2001-1-page-347o?lang=fr&redirect-ssocas=7080
999 _c2211166
_d2211166